Guess 30 uruguayan footballers by image - Statistics

General Stats
  • This quiz has been taken 145 times
  • The average score is 16 of 30
Answer Stats
Picture Answer % Correct
Edinson Cavani
98%
Luis Suárez
98%
Diego Forlán
97%
Diego Godín
97%
Federico Valverde
95%
Darwin Núñez
93%
Ronald Araujo
93%
Rodrigo Bentancur
90%
Fernando Muslera
88%
José Gimenez
86%
Lucas Torreira
80%
Martin Caceres
74%
Matias Vecino
55%
Nahitan Nandez
46%
Maxi Pereira
44%
Diego Lugano
42%
Álvaro Recoba
40%
Enzo Francescoli
38%
Giorgian De Arrascaeta
38%
Álvaro Pereira
28%
Walter Gargano
26%
Paolo Montero
22%
Juan Alberto Schiaffino
21%
José Leandro Andrade
18%
Obdulio Varela
16%
Alcides Ghiggia
14%
José Nasazzi
13%
Ladislao Mazurkiewicz
13%
Fernando Morena
10%
Héctor Scarone
8%
No matching quizzes found
Score Distribution
Percent of People with Each Score
Percentile by Number Answered
Your Score History
You have not taken this quiz